All Country Tripoints by Continent and Latitude - Statistics

General Stats
  • This quiz has been taken 53 times
  • The average score is 102 of 169
Answer Stats
Tripoint % Correct
FIN NORW SWE
94%
BRA GUY SUR
91%
BRA COL VEN
89%
EST LAT RUS
89%
FIN NORW RUS
89%
BRA GUY VEN
86%
COL ECU PER
86%
ELS GUA HON
86%
MOL ROM UKR (N)
86%
MOL ROM UKR (S)
86%
AND FRA SPA (E)
83%
AND FRA SPA (W)
83%
ARG BRA PAR
83%
AUSTRI ITA SLOVE
83%
BELG GER NET
83%
BELI GUA MEX
83%
FRA ITA SWI
83%
ALB GREE MAC
80%
ARG BRA URU
80%
AUSTRI HUN SLOVA
80%
AUSTRI HUN SLOVE
80%
BELG FRA LUX
80%
BOL BRA PAR
80%
BOL CHIL PER
80%
BOS CRO SER
80%
BRA COL PER
80%
CHIN INDI NEP (E)
80%
CHIN INDI NEP (W)
80%
CHIN MONG RUS (E)
80%
CHIN MONG RUS (W)
80%
CHIN NORT RUS
80%
CZE GER POL
80%
AUSTRI CZE GER
77%
AUSTRI GER SWI
77%
BRA FRA SUR
77%
BUL ROM SER
77%
LIT POL RUS
77%
ARG BOL CHIL
74%
AUSTRI CZE SLOVA
74%
AUSTRI ITA SWI
74%
AUSTRI LIE SWI (N)
74%
AUSTRI LIE SWI (S)
74%
BHU CHIN INDI (E)
74%
BHU CHIN INDI (W)
74%
BUL GREE MAC
74%
BUL GREE TURKE
74%
CRO HUN SER
74%
OMA SAU YEM
74%
BELA RUS UKR
71%
CHIN KAZ RUS
71%
CHIN LAO VIE
71%
CZE POL SLOVA
71%
FRA GER LUX
71%
AFG IRAN PAK
69%
BELA LAT LIT
69%
BOL BRA PER
69%
CAMB LAO THA
69%
IRAQ KUW SAU
69%
AFG CHIN PAK
66%
ALB KOS MONT
66%
ARG BOL PAR
66%
ARM AZE GEO
66%
BELA LAT RUS
66%
BELG GER LUX
66%
CAMB LAO VIE
66%
CHIN KYR TAJ
66%
EGY LIBY SUD
66%
FRA GER SWI
66%
MOZ S.AFR SWA (N)
66%
MOZ S.AFR SWA (S)
66%
ALB KOS MAC
63%
ALG MAURITA MOR
63%
AZE GEO RUS
63%
BAN BURM INDI
63%
BELA LIT POL
63%
BELA POL UKR
63%
BOT NAM S.AFR
63%
BURM CHIN LAO
63%
CRO HUN SLOVE
63%
DJI ERI ETH
63%
IRAN IRAQ TURKE
63%
IRAQ SYR TURKE
63%
OMA SAU UAE
63%
AFG CHIN TAJ
60%
BEN BURK TOG
60%
BOS MONT SER
60%
BURU DRC RWA
60%
CHIN INDI PAK
60%
DJI ETH SOM
60%
ISR LEB SYR
60%
KOS MAC SER
60%
KOS MONT SER
60%
POL SLOVA UKR
60%
ALG LIBY TUN
57%
ALG MALI MAURITA
57%
ALG MALI NIGER
57%
BURK GHA TOG
57%
CHIN KAZ KYR
57%
DRC RWA UGA
57%
ETH KEN SOM
57%
GUINEA LIBE SIE
57%
HUN ROM SER
57%
HUN ROM UKR
57%
HUN SLOVA UKR
57%
KAZ KYR UZB
57%
ARM AZE IRAN (E)
54%
ARM AZE IRAN (W)
54%
BOT S.AFR ZIM
54%
BURK COT GHA
54%
BURM CHIN INDI
54%
BURM LAO THA
54%
CHA LIBY SUD
54%
CHA NIGER NIGERIA
54%
IRAQ JOR SAU
54%
MALAW MOZ ZAM
54%
ALG LIBY NIGER
51%
ARM AZE TURKE
51%
BOS CRO MONT
51%
BUL MAC SER
51%
CHA LIBY NIGER
51%
ERI ETH SUD
51%
GUINEA GUINEA-B SEN
51%
ISR JOR SYR
51%
KAZ TURKM UZB
51%
MALI MAURITA SEN
51%
AFG IRAN TURKM
49%
AFG TURKM UZB
49%
ANG DRC ROC
49%
ANG DRC ZAM
49%
ARM GEO TURKE
49%
CAME CAR CHA
49%
CAME CHA NIGERIA
49%
GUINEA MALI SEN
49%
AFG TAJ UZB
46%
AZE IRAN TURKE
46%
AZE IRAN TURKM
46%
BEN NIGER NIGERIA
46%
CAME EQU GAB
46%
CAME GAB ROC
46%
COT GUINEA LIBE
46%
ETH S.SUD SUD
46%
MALAW MOZ TAN
46%
BURK MALI NIGER
43%
KEN TAN UGA
43%
KYR TAJ UZB
43%
ANG NAM ZAM
40%
BOT NAM ZAM
40%
BOT ZAM ZIM
40%
BURU DRC TAN
40%
CAR DRC ROC
40%
CAR DRC S.SUD
40%
CAR S.SUD SUD
40%
IRAQ JOR SYR
40%
KEN S.SUD UGA
40%
BEN BURK NIGER
37%
BURU RWA TAN
37%
DRC S.SUD UGA
37%
MOZ S.AFR ZIM
34%
MOZ ZAM ZIM
34%
RWA TAN UGA
34%
MALAW TAN ZAM
31%
BURK COT MALI
29%
COT GUINEA MALI
29%
DRC TAN ZAM
29%
CAME CAR ROC
26%
AZE KAZ RUS
23%
ETH KEN S.SUD
23%
AZE KAZ TURKM
20%
CAR CHA SUD
20%
No matching quizzes found
Score Distribution
Percent of People with Each Score
Percentile by Number Answered
Your Score History
You have not taken this quiz